TV Shows by homes - Statistics

General Stats
  • This quiz has been taken 55 times
    36 since last reset
  • The average score is 8 of 16
Answer Stats
Picture Answer % Correct
Spongebob
97%
The Simpson
91%
Family Guy
88%
Peppa Pig
76%
American Dad
73%
Modern Family
48%
The amazing world of Gumball
48%
The Loud House
42%
Gossip Girl
39%
The Fresh Prince of Bel-Air
36%
Desperate Housewives
30%
Gilmore Girls
30%
Regular Show
27%
Hannah Montana
21%
Malcolm in the middle
18%
The Vampire Diaries
12%
No matching quizzes found
Score Distribution
Percent of People with Each Score
Percentile by Number Answered
Your Score History
You have not taken this quiz since the last reset